Cities in the UK - Sudden Death - Statistics

General Stats
  • This quiz has been taken 81 times
    28 since last reset
  • The average score is 18 of 26
Answers on the Grid
Answers color-coded by a green-red scale on the quiz's grid according to % correct below.
Lethbridge
Kendal
Johnson City
Exeter
Southend-on-Sea
Natuashish
Chattanooga
Calais
Birmingham
Glenrothes
Seattle
Ayr
Londonderry
Rockingham
Cardiff
Folkestone
Dunkerque
Glasgow
Colchester
George
Thurso
Dundee
Newcastle upon Tyne
Cedar City
Dublin
Bilings
London
Tralee
Liverpool
Kilkenny
Windhoek
Brisbane
Adelaide
Pigeon Forge
Iowa City
Manchester
Blackpool
Flin Flon
Edinburgh
Oxford
Shreveport
Llandudno
Pretoria
Llanelli
Tuam
Bath
Naas
Northempton
Camborne
Belfast
 
Answer Stats
Answer % Correct
Liverpool
95%
London
95%
Birmingham
91%
Cardiff
91%
Edinburgh
91%
Glasgow
91%
Blackpool
86%
Exeter
86%
Manchester
86%
Newcastle upon Tyne
86%
Oxford
86%
Belfast
82%
Colchester
82%
Dundee
82%
Southend-on-Sea
82%
Bath
77%
Londonderry
77%
Ayr
55%
Folkestone
50%
Kendal
45%
Llandudno
45%
Northempton
45%
Camborne
41%
Glenrothes
32%
Llanelli
32%
Thurso
23%
No matching quizzes found
Score Distribution
Percent of People with Each Score
Percentile by Number Answered
Your Score History
You have not taken this quiz since the last reset